000 00632nam a2200229Ia 4500
003 OSt
005 20220928102115.0
006 a|||||r|||| 00| 0
007 ta
008 220927b |||||||| |||| 00| 0 eng d
024 _a47990
037 _cTextual
040 _aSDCL
_cSDCL
_beng
041 _2eng
_aeng
082 _aO152,1N2:g, N2
100 _aPandey Kripa Shankar
_9396643
245 0 _aChhayavad ki khadi boli aur 'Prasad'.
260 _aGandhi
_bNagar Sameeksha Prakashan
_c1992
300 _a143p
_ccm.
942 _hO152,1N2:g, N2
_cTEXL
_2CC
999 _c712391
_d712391